Foot : Les français qui ont marqué lors de la coupe du monde 2022 - Statistiques

Statistiques générales
  • Ce quiz a été pris 439 fois
  • Le résultat moyen est 5 sur 6
Statistiques - réponses
Nombre de buts Adversaire Joueur % Correct
8 Australie / Danemark (2) / Pologne (2) / Argentine (3) Mbappé
100%
4 Australie (2) / Pologne / Angleterre Giroud
98%
1 Angleterre Tchouaméni
83%
1 Maroc Hernandez
80%
1 Maroc Kolo Muani
78%
1 Australie Rabiot
68%
Aucun quiz correspondant
Distribution des résultats
% des personnes avec chaque résultat
Percentile par nombre de réponses
Votre historique - résultats
Vous n’avez pas pris ce quiz